An Insight into SBM Efficiency of Slovak Commercial Banks

Skúmanie efektívnosti slovenského bankového sektora v rokoch 2000 - 2011 prostredníctvom prizmatu ziskového prístupu k vnímaniu efektívnosti komerčných bánk. Porovnanie jednotlivých komerčných bánk s ohľadom na ich efektívnosť v rámci definície efektívnosti zisku.

Saved in:
Bibliographic Details
Main Author: Boďa, Martin
Other Authors: Zimková, Emília
Format: Book Chapter
Language:English
Subjects:
Tags: Add Tag
No Tags, Be the first to tag this record!

MARC

LEADER 00000nla a2200000 4500
001 0242476
005 20220505122649.9
041 0 |a eng 
044 |a CZ 
245 1 0 |a An Insight into SBM Efficiency of Slovak Commercial Banks  |c Martin Boďa, Emília Zimková 
520 |a Skúmanie efektívnosti slovenského bankového sektora v rokoch 2000 - 2011 prostredníctvom prizmatu ziskového prístupu k vnímaniu efektívnosti komerčných bánk. Porovnanie jednotlivých komerčných bánk s ohľadom na ich efektívnosť v rámci definície efektívnosti zisku. 
610 2 0 |a banky 
610 2 0 |a banky obchodné 
610 2 0 |a bankovníctvo 
610 2 0 |a zisk 
610 2 0 |a zisk ekonomický 
610 2 0 |a efektívnosť 
610 2 0 |a analýza komparatívna 
100 1 |a Boďa, Martin 
700 1 |a Zimková, Emília